Pump user's handbook: life extension / (Record no. 599663)

000 -LEADER
fixed length control field 00294nam a2200109Ia 4500
008 - FIXED-LENGTH DATA ELEMENTS--GENERAL INFORMATION
fixed length control field 230907s9999||||xx |||||||||||||| ||und||
082 ## - DEWEY DECIMAL CLASSIFICATION NUMBER
Classification number 621.69
Author Mark BLO
100 ## - MAIN ENTRY--PERSONAL NAME
Personal name Bloch, Heiz
9 (RLIN) 118044
245 ## - TITLE STATEMENT
Title Pump user's handbook: life extension /
Statement of responsibility, etc. Heiz Bloch.
260 ## - PUBLICATION, DISTRIBUTION, ETC.
Date of publication, distribution, etc. 2019-09-27
942 ## - ADDED ENTRY ELEMENTS (KOHA)
Source of classification or shelving scheme
Koha item type E-Books
Holdings
Withdrawn status Lost status Source of classification or shelving scheme Damaged status Not for loan Permanent Location Current Location Date acquired Total Checkouts Full call number Barcode Date last seen Price effective from Koha item type
          US-Pakistan Center for Advanced Studies in Energy (USPCAS-E) US-Pakistan Center for Advanced Studies in Energy (USPCAS-E) 09/19/2023   621.69 BLO CAS-E0003762 09/19/2023 09/19/2023 E-Books
© 2023 Central Library, National University of Sciences and Technology. All Rights Reserved.